[Event "ECF Schools-ch"]
[Site "Nottingham"]
[Date "2024.06.28"]
[Round "5.3"]
[White "Pushyna, Platon"]
[Black "Hammond, Benjamin"]
[Result "1/2-1/2"]
[WhiteElo "1909"]
[BlackElo "1921"]
[PlyCount "46"]
[EventDate "2024.06.27"]
[EventType "team-swiss"]
[EventRounds "5"]
[EventCountry "ENG"]
[SourceTitle "EXT 2025"]
[Source "ChessBase"]
[SourceDate "2024.10.14"]
[SourceVersion "1"]
[SourceVersionDate "2024.10.14"]
[SourceQuality "1"]
[WhiteTeam "City of London School"]
[BlackTeam "Tiffin School"]
[WhiteTeamCountry "ENG"]
[BlackTeamCountry "ENG"]

1. e4 e5 2. Nf3 Nc6 3. Bc4 Bc5 4. c3 Nf6 5. d4 exd4 6. e5 d5 7. Bb5 Ne4 8. cxd4 Bb4+ 9. Nbd2 0-0 10. h3 Nxd4 11. Nxd4 Qh4 12. 0-0 Nxd2 13. Nf3 Nxf3+ 14. Qxf3 Qe4 15. Qb3 Bf5 16. Rd1 Be7 17. Bd3 Qxe5 18. Bxf5 Qxf5 19. Rxd5 Qe6 20. Qf3 Rad8 21. Rxd8 Rxd8 22. Be3 b6 23. b3 Qf6 1/2-1/2

[Event "GBR-ch U14 106th"]
[Site "Torquay"]
[Date "2019.07.31"]
[Round "4"]
[White "Yoon, Jacob D"]
[Black "Hammond, Benjamin"]
[Result "1-0"]
[WhiteElo "1963"]
[BlackElo "1635"]
[PlyCount "107"]
[EventDate "2019.07.28"]
[EventType "swiss"]
[EventRounds "7"]
[EventCountry "ENG"]
[SourceTitle "EXT 2020"]
[Source "ChessBase"]
[SourceDate "2019.10.17"]
[SourceVersion "1"]
[SourceVersionDate "2019.10.17"]
[SourceQuality "1"]

1. d4 Nf6 2. Nc3 d5 3. Bf4 Bf5 4. f3 e6 5. g4 Bg6 6. h4 h5 7. g5 Nfd7 8. e3 Nb6 9. Bd3 Bxd3 10. Qxd3 Bd6 11. Nge2 a6 12. e4 Nc6 13. e5 Be7 14. a3 g6 15. Bc1 Qd7 16. b3 Na7 17. 0-0 Bf8 18. Nd1 Nc6 19. Ne3 Ne7 20. Kh2 Bg7 21. Bb2 0-0 22. a4 Qc6 23. Ba3 Rfe8 24. Bxe7 Rxe7 25. f4 Qd7 26. Ng3 Ree8 27. Qe2 Nc8 28. Nxh5 gxh5 29. f5 exf5 30. Nxf5 Ne7 31. Nxg7 Kxg7 32. Qxh5 Qe6 33. Rf6 Rh8 34. Rxe6 Rxh5 35. Rxe7 Rxh4+ 36. Kg3 Rah8 37. Rg1 Rh3+ 38. Kf4 Rc3 39. e6 Rhh3 40. Rxf7+ Kg6 41. Rf6+ Kg7 42. Re1 Rh4+ 43. Ke5 Rg3 44. e7 Rxg5+ 45. Ke6 Rh8 46. Rf7+ Kg6 47. Rf8 Rh6 48. Rf6+ Kh7 49. Rxh6+ Kxh6 50. e8Q Rg6+ 51. Qxg6+ Kxg6 52. Rg1+ Kh5 53. Kxd5 c6+ 54. Ke5 1-0

[Event "GBR-ch U14 106th"]
[Site "Torquay"]
[Date "2019.07.30"]
[Round "3"]
[White "Akeya Price, Robert A"]
[Black "Hammond, Benjamin"]
[Result "1-0"]
[WhiteElo "1974"]
[BlackElo "1635"]
[PlyCount "119"]
[EventDate "2019.07.28"]
[EventType "swiss"]
[EventRounds "7"]
[EventCountry "ENG"]
[SourceTitle "EXT 2020"]
[Source "ChessBase"]
[SourceDate "2019.10.17"]
[SourceVersion "1"]
[SourceVersionDate "2019.10.17"]
[SourceQuality "1"]

1. d4 Nf6 2. Nf3 d5 3. g3 e6 4. Bg2 Be7 5. 0-0 0-0 6. c4 dxc4 7. Ne5 c5 8. dxc5 Qc7 9. Nxc4 Qxc5 10. b3 Rd8 11. Qc2 Nd5 12. Ba3 Qc7 13. e4 Bxa3 14. Nbxa3 Nb6 15. Qb2 Nxc4 16. Nxc4 Nc6 17. Rfd1 f6 18. e5 Rxd1+ 19. Rxd1 Nxe5 20. Nxe5 Qxe5 21. Qxe5 fxe5 22. Rd8+ Kf7 23. Be4 h6 24. h4 Rb8 25. h5 b6 26. Bg6+ Kf6 27. Rf8+ Kg5 28. f3 Ra8 29. Kg2 e4 30. Bxe4 Rb8 31. g4 Kh4 32. Rg8 b5 33. b4 e5 34. Bf5 Rb6 35. Rxc8 Rd6 36. Rc2 Rd4 37. a3 a5 38. bxa5 Ra4 39. Rc3 Rxa5 40. Kf2 Ra4 41. Ke3 b4 42. axb4 Rxb4 43. Rc7 Rb3+ 44. Ke2 Rb2+ 45. Kd3 Rf2 46. Be4 Rf1 47. Rxg7 Rd1+ 48. Ke2 Rg1 49. Rg6 Rg2+ 50. Ke3 Ra2 51. Rxh6 Ra3+ 52. Bd3 e4 53. Kxe4 Ra4+ 54. Ke3 Ra1 55. Rg6 Re1+ 56. Kf4 Rf1 57. h6 Ra1 58. h7 Ra4+ 59. Be4 Ra8 60. Rh6# 1-0

[Event "Basingstoke 4NCL Spring Bank 2nd U2050"]
[Site "Basingstoke"]
[Date "2019.05.26"]
[Round "5"]
[White "Wilson, Matthew R"]
[Black "Hammond, Benjamin"]
[Result "1/2-1/2"]
[WhiteElo "1843"]
[BlackElo "1575"]
[PlyCount "53"]
[EventDate "2019.05.24"]
[EventType "swiss"]
[EventRounds "7"]
[EventCountry "ENG"]
[SourceTitle "EXT 2020"]
[Source "ChessBase"]
[SourceDate "2019.10.17"]
[SourceVersion "1"]
[SourceVersionDate "2019.10.17"]
[SourceQuality "1"]

1. e4 e5 2. Nf3 Nc6 3. Bc4 Bc5 4. c3 Nf6 5. d3 0-0 6. Bb3 d5 7. Qe2 dxe4 8. dxe4 Bg4 9. Nbd2 Qe7 10. Nf1 Rad8 11. Ng3 h6 12. h3 Be6 13. Bc2 Rfe8 14. Nh4 Rd7 15. Ngf5 Qd8 16. b4 Nxb4 17. cxb4 Bxb4+ 18. Kf1 Bc3 19. Rb1 Bxa2 20. Rxb7 Bc4 21. Qxc4 Rd1+ 22. Ke2 Rxh1 23. Qxc3 Rxc1 24. f3 Qd1+ 25. Bxd1 Rxc3 26. Rxa7 Rd8 27. Ra5 1/2-1/2

[Event "Basingstoke 4NCL Spring Bank 2nd U2050"]
[Site "Basingstoke"]
[Date "2019.05.25"]
[Round "2"]
[White "Hammond, Benjamin"]
[Black "Cooper, Malcolm H"]
[Result "0-1"]
[WhiteElo "1575"]
[BlackElo "1925"]
[PlyCount "62"]
[EventDate "2019.05.24"]
[EventType "swiss"]
[EventRounds "7"]
[EventCountry "ENG"]
[SourceTitle "EXT 2020"]
[Source "ChessBase"]
[SourceDate "2019.10.17"]
[SourceVersion "1"]
[SourceVersionDate "2019.10.17"]
[SourceQuality "1"]

1. e4 c5 2. c3 d5 3. exd5 Qxd5 4. d4 Nf6 5. Nf3 Bg4 6. Be2 e6 7. Be3 cxd4 8. cxd4 Be7 9. Nc3 Qd8 10. Qb3 b6 11. Bb5+ Nbd7 12. Ne5 0-0 13. h3 Bf5 14. g4 Nxe5 15. dxe5 Be4 16. exf6 Bxh1 17. fxe7 Qxe7 18. 0-0-0 Bg2 19. Bf1 Qb7 20. Ne2 Rac8+ 21. Kb1 Be4+ 22. Ka1 Bc2 23. Qb4 Bxd1 24. Nc3 Qh1 25. Qb5 Bf3 26. Nb1 Rfd8 27. Qa6 Be4 28. a3 Bg6 29. Ka2 Qd5+ 30. b3 Rc2+ 31. Ka1 Qe5+ 0-1

[Event "BCF-ch U12"]
[Site "Hull"]
[Date "2018.08.03"]
[Round "6"]
[White "Hammond, Benjamin"]
[Black "Chen, Daniel Xingyu"]
[Result "1-0"]
[WhiteElo "1476"]
[BlackElo "1592"]
[PlyCount "63"]
[EventDate "2018.07.29"]
[EventType "swiss"]
[EventRounds "7"]
[EventCountry "ENG"]
[SourceTitle "CBM 186 Extra"]
[Source "ChessBase"]
[SourceDate "2018.08.24"]
[SourceVersion "1"]
[SourceVersionDate "2018.08.24"]
[SourceQuality "1"]

1. e4 c5 2. c3 e6 3. d4 d5 4. Bd3 Nc6 5. Nf3 Nf6 6. e5 Nd7 7. 0-0 Qb6 8. Bc2 Be7 9. Re1 cxd4 10. cxd4 Nb4 11. Nc3 Nxc2 12. Qxc2 Qc6 13. Bg5 Bxg5 14. Nxg5 h6 15. Nf3 Nb6 16. b3 Bd7 17. Qd2 Nc8 18. Rac1 Qb6 19. Ne2 Ne7 20. Ng3 0-0 21. Nh5 Ng6 22. Nf6+ gxf6 23. Qxh6 Qd8 24. Rc7 Bc6 25. Nh4 Nxh4 26. exf6 Nf5 27. Qg5+ Kh8 28. Re3 Qxf6 29. Qxf6+ Kh7 30. Rh3+ Nh4 31. Rxh4+ Kg8 32. Rh8# 1-0

[Event "GBR-ch 105th U2050"]
[Site "Hull"]
[Date "2018.08.02"]
[Round "4"]
[White "Hall, David G"]
[Black "Hammond, Benjamin"]
[Result "1-0"]
[WhiteElo "1729"]
[BlackElo "1476"]
[PlyCount "125"]
[EventDate "2018.07.30"]
[EventType "swiss"]
[EventRounds "5"]
[EventCountry "ENG"]
[SourceTitle "EXT 2019"]
[Source "ChessBase"]
[SourceDate "2018.10.10"]
[SourceVersion "1"]
[SourceVersionDate "2018.10.10"]
[SourceQuality "1"]

1. d4 Nf6 2. Nf3 d5 3. c4 dxc4 4. e3 Bg4 5. Bxc4 e6 6. 0-0 Be7 7. Nc3 0-0 8. h3 Bh5 9. Re1 Nc6 10. Be2 Re8 11. Qb3 Rb8 12. Bd2 Bf8 13. Rad1 Qe7 14. Bc1 Qb4 15. Qxb4 Bxb4 16. a3 Ba5 17. b4 Bb6 18. Na4 Red8 19. Nxb6 cxb6 20. Bb2 Rbc8 21. Rc1 Ne7 22. g3 h6 23. Kg2 Bg6 24. Ne5 Be4+ 25. f3 Bh7 26. e4 Nc6 27. Nxc6 bxc6 28. Ba6 Rc7 29. Kf2 g5 30. d5 Nd7 31. d6 Rcc8 32. Bxc8 Rxc8 33. Red1 f6 34. h4 Kf7 35. hxg5 hxg5 36. Ke3 f5 37. e5 Kg6 38. f4 g4 39. Rc2 Kg7 40. Rdc1 c5 41. bxc5 bxc5 42. Rc4 Rb8 43. R1c2 Rb3+ 44. R4c3 Rb5 45. Bc1 Bg6 46. Rb2 Rxb2 47. Bxb2 Be8 48. a4 Nb6 49. Rxc5 Bxa4 50. Rc7+ Nd7 51. Rxa7 Bc6 52. Kd4 Kf8 53. Rc7 Bb5 54. Ba3 Ke8 55. Rc8+ Kf7 56. Kc3 Nb6 57. Rc7+ Bd7 58. Kd4 Ke8 59. Rb7 Nd5 60. Rb8+ Kf7 61. Bc5 Be8 62. Rb7+ Kf8 63. d7+ 1-0

[Event "BCF-ch U12"]
[Site "Hull"]
[Date "2018.08.02"]
[Round "5"]
[White "Thennakoon, Rumethma"]
[Black "Hammond, Benjamin"]
[Result "1/2-1/2"]
[WhiteElo "1023"]
[BlackElo "1476"]
[PlyCount "46"]
[EventDate "2018.07.29"]
[EventType "swiss"]
[EventRounds "7"]
[EventCountry "ENG"]
[SourceTitle "CBM 186 Extra"]
[Source "ChessBase"]
[SourceDate "2018.08.24"]
[SourceVersion "1"]
[SourceVersionDate "2018.08.24"]
[SourceQuality "1"]

1. e4 e5 2. Nf3 Nc6 3. Bb5 a6 4. Ba4 Nf6 5. 0-0 b5 6. Bb3 Be7 7. Re1 0-0 8. c3 d6 9. h3 Na5 10. Bc2 c5 11. d4 Nc6 12. Be3 Bb7 13. Nbd2 Re8 14. d5 Nb8 15. c4 b4 16. a3 a5 17. a4 Nbd7 18. b3 Nf8 19. Nh2 Ng6 20. g3 Bc8 21. Kg2 Qd7 22. g4 h5 23. f3 hxg4 1/2-1/2

[Event "BCF-ch U12"]
[Site "Hull"]
[Date "2018.07.31"]
[Round "3"]
[White "Bhandari, Arjun Neel"]
[Black "Hammond, Benjamin"]
[Result "0-1"]
[WhiteElo "1156"]
[BlackElo "1476"]
[PlyCount "88"]
[EventDate "2018.07.29"]
[EventType "swiss"]
[EventRounds "7"]
[EventCountry "ENG"]
[SourceTitle "CBM 186 Extra"]
[Source "ChessBase"]
[SourceDate "2018.08.24"]
[SourceVersion "1"]
[SourceVersionDate "2018.08.24"]
[SourceQuality "1"]

1. e4 e5 2. Nf3 Nc6 3. Bc4 Bc5 4. c3 Nf6 5. d3 0-0 6. 0-0 d6 7. Be3 Bb6 8. d4 Nxe4 9. d5 Ne7 10. Qd3 Nf6 11. Qc2 Nexd5 12. Bg5 Nf4 13. Rd1 Qe7 14. Nbd2 Bg4 15. Ne4 Bxf3 16. gxf3 Nh3+ 17. Kh1 Nxg5 18. Nxg5 h6 19. Nxf7 Rxf7 20. Rg1 d5 21. Bd3 e4 22. fxe4 Nxe4 23. Bxe4 Qxe4+ 24. Qxe4 dxe4 25. Rae1 Bxf2 26. Rxe4 Bxg1 27. Kxg1 Raf8 28. Re2 Kh7 29. Kg2 Rf5 30. Kg3 Rf3+ 31. Kg2 b6 32. h3 a5 33. a3 b5 34. Rc2 c5 35. b4 cxb4 36. axb4 axb4 37. cxb4 R3f4 38. Rb2 Rc8 39. Kg3 Rcc4 40. Kg2 Rxb4 41. Rxb4 Rxb4 42. Kf3 Rb1 43. Ke4 Rh1 44. Kd4 Rxh3 0-1

[Event "GBR-ch 105th U2050"]
[Site "Hull"]
[Date "2018.07.31"]
[Round "2"]
[White "Hammond, Benjamin"]
[Black "Makkar, Rajat"]
[Result "1/2-1/2"]
[WhiteElo "1476"]
[BlackElo "1985"]
[PlyCount "75"]
[EventDate "2018.07.30"]
[EventType "swiss"]
[EventRounds "5"]
[EventCountry "ENG"]
[SourceTitle "EXT 2019"]
[Source "ChessBase"]
[SourceDate "2018.10.10"]
[SourceVersion "1"]
[SourceVersionDate "2018.10.10"]
[SourceQuality "1"]

1. e4 c6 2. d4 d5 3. exd5 cxd5 4. Nf3 Nc6 5. Bf4 Bg4 6. Be2 Qb6 7. b3 Nf6 8. 0-0 Bxf3 9. Bxf3 Qxd4 10. Qxd4 Nxd4 11. Bd1 e6 12. c3 Nc6 13. Bf3 Bc5 14. Nd2 0-0 15. Rfe1 Rfe8 16. Bg5 Rad8 17. Rad1 h6 18. Bh4 g5 19. Bg3 e5 20. b4 Bd6 21. Nb3 e4 22. Be2 Bxg3 23. hxg3 b6 24. a3 e3 25. f3 Re6 26. Bb5 Rc8 27. Rd3 e2 28. Kf2 Ne5 29. Rd2 Nc4 30. Bxc4 Rxc4 31. Nd4 Re8 32. Nxe2 Rec8 33. Red1 a5 34. Rd4 R4c7 35. g4 axb4 36. Rxb4 Rc6 37. Nd4 Rxc3 38. Rxb6 1/2-1/2

[Event "BCF-ch U12"]
[Site "Hull"]
[Date "2018.07.30"]
[Round "2"]
[White "Hammond, Benjamin"]
[Black "Lokwani, Lakshya"]
[Result "0-1"]
[WhiteElo "1476"]
[BlackElo "1570"]
[PlyCount "128"]
[EventDate "2018.07.29"]
[EventType "swiss"]
[EventRounds "7"]
[EventCountry "ENG"]
[SourceTitle "CBM 186 Extra"]
[Source "ChessBase"]
[SourceDate "2018.08.24"]
[SourceVersion "1"]
[SourceVersionDate "2018.08.24"]
[SourceQuality "1"]

1. e4 c5 2. c3 d5 3. exd5 Qxd5 4. d4 Nc6 5. Nf3 Bg4 6. Be2 Rd8 7. Be3 e6 8. 0-0 Nf6 9. h3 Bh5 10. c4 Qd7 11. dxc5 Qc7 12. Qb3 Be7 13. Nc3 a6 14. Qb6 Qxb6 15. cxb6 0-0 16. a3 e5 17. g4 Bg6 18. Nh4 Nd4 19. Bxd4 exd4 20. Nxg6 hxg6 21. Nd5 Nxd5 22. cxd5 Rxd5 23. a4 Rc8 24. Bf3 Rd7 25. Rac1 Rc5 26. b4 Rc3 27. b5 a5 28. Bc6 Rd6 29. Rxc3 dxc3 30. Bxb7 Rxb6 31. Bc6 Ba3 32. Be4 Re6 33. Bd3 Rd6 34. Be4 Rd4 35. f3 Rxe4 36. fxe4 c2 37. Kf2 c1Q 38. Rxc1 Bxc1 39. Ke2 Kf8 40. Kd3 Ke7 41. Kd4 Kd6 42. e5+ Kd7 43. Kc5 Be3+ 44. Kd5 Bb6 45. h4 Bg1 46. h5 gxh5 47. gxh5 Bf2 48. Ke4 Ke6 49. Kf4 Bd4 50. Ke4 Bxe5 51. b6 f5+ 52. Kd3 Kd5 53. b7 Kc6 54. Kc4 f4 55. Kd3 Kxb7 56. Ke4 Kc6 57. h6 gxh6 58. Kf5 f3 59. Kg6 f2 60. Kh7 h5 61. Kg6 f1Q 62. Kxh5 Qg2 63. Kh4 Bf6+ 64. Kh5 Qg5# 0-1

[Event "GBR-ch 105th U2050"]
[Site "Hull"]
[Date "2018.07.30"]
[Round "1"]
[White "Titorenko, Kostyantyn"]
[Black "Hammond, Benjamin"]
[Result "1/2-1/2"]
[WhiteElo "1850"]
[BlackElo "1476"]
[PlyCount "58"]
[EventDate "2018.07.30"]
[EventType "swiss"]
[EventRounds "5"]
[EventCountry "ENG"]
[SourceTitle "EXT 2019"]
[Source "ChessBase"]
[SourceDate "2018.10.10"]
[SourceVersion "1"]
[SourceVersionDate "2018.10.10"]
[SourceQuality "1"]

1. e4 e5 2. Nf3 Nc6 3. Bc4 Bc5 4. c3 Nf6 5. d3 0-0 6. 0-0 d6 7. Bg5 Bg4 8. Nbd2 h6 9. Bh4 Re8 10. Re1 g5 11. Bg3 Ne7 12. Nf1 Ng6 13. Ne3 Bxe3 14. fxe3 c6 15. Bb3 d5 16. exd5 cxd5 17. Qc2 Rc8 18. Rf1 Qb6 19. Qf2 Kg7 20. Nd2 Bh5 21. Kh1 Nf8 22. h3 Bg6 23. d4 exd4 24. exd4 N8d7 25. Rfe1 Ne4 26. Nxe4 Bxe4 27. Re3 f5 28. Bh2 f4 29. Ree1 Nf6 1/2-1/2

[Event "Basingstoke Spring Bank op U1825"]
[Site "Basingstoke"]
[Date "2018.05.28"]
[Round "7.20"]
[White "Robinson, Brian"]
[Black "Hammond, Benjamin"]
[Result "1/2-1/2"]
[WhiteElo "1590"]
[BlackElo "1483"]
[PlyCount "61"]
[EventDate "2018.05.25"]
[EventType "swiss"]
[EventRounds "7"]
[EventCountry "ENG"]
[SourceTitle "EXT 2023"]
[Source "ChessBase"]
[SourceDate "2022.10.05"]
[SourceVersion "1"]
[SourceVersionDate "2022.10.05"]
[SourceQuality "1"]

1. d4 d5 2. Nf3 Nf6 3. e3 Bf5 4. Nh4 Bg4 5. Be2 Bxe2 6. Qxe2 e6 7. Nd2 Be7 8. Nhf3 0-0 9. 0-0 c5 10. c3 Nc6 11. dxc5 Bxc5 12. e4 Re8 13. e5 Nd7 14. Nb3 Qb6 15. Rd1 Rac8 16. Bf4 a5 17. Ng5 h6 18. Nh3 Nf8 19. Qg4 Ng6 20. Qg3 Red8 21. Nxc5 Qxc5 22. Rac1 Qb5 23. b3 a4 24. Rb1 a3 25. Bc1 Ncxe5 26. Rd4 Qc5 27. Bd2 Nc6 28. Rd3 Nce5 29. Rd4 Nc6 30. Rd3 Nce5 31. Rd4 1/2-1/2

[Event "Basingstoke Spring Bank op U1825"]
[Site "Basingstoke"]
[Date "2018.05.28"]
[Round "6.23"]
[White "Zhu, Feng"]
[Black "Hammond, Benjamin"]
[Result "0-1"]
[WhiteElo "1457"]
[BlackElo "1483"]
[PlyCount "104"]
[EventDate "2018.05.25"]
[EventType "swiss"]
[EventRounds "7"]
[EventCountry "ENG"]
[SourceTitle "EXT 2023"]
[Source "ChessBase"]
[SourceDate "2022.10.05"]
[SourceVersion "1"]
[SourceVersionDate "2022.10.05"]
[SourceQuality "1"]

1. e4 e5 2. Nf3 Nc6 3. d4 exd4 4. Bc4 Bc5 5. c3 dxc3 6. Bxf7+ Kxf7 7. Qd5+ Ke8 8. Qxc5 d6 9. Qc4 Nf6 10. Nxc3 Qe7 11. 0-0 Be6 12. Qe2 Rd8 13. Qb5 Bd7 14. Qxb7 Rb8 15. Qxc7 Kf7 16. Bf4 Ne8 17. Ng5+ Kg6 18. Nd5 Nxc7 19. Nxe7+ Nxe7 20. h4 Ne8 21. Rfd1 Rb6 22. Rd2 Rf8 23. Be3 Rb7 24. Rad1 h6 25. Nf3 Bg4 26. Rxd6+ Nxd6 27. Rxd6+ Kh7 28. Ne5 Bc8 29. b3 Rf6 30. Rd4 Nc6 31. Nxc6 Rxc6 32. Rd2 Be6 33. Kh2 Rd7 34. Rxd7 Bxd7 35. Bxa7 Ra6 36. Bc5 Rxa2 37. b4 Kg6 38. Kg3 Kh5 39. Be7 Bc6 40. f3 Rb2 41. Kh3 Rb3 42. g4+ Kg6 43. Kg2 Kf7 44. Bc5 g6 45. g5 h5 46. Kf2 Ke6 47. Kg2 Ke5 48. Kf2 Bxe4 49. fxe4 Kxe4 50. Kg2 Kf4 51. b5 Rxb5 52. Bf2 Rb2 0-1

[Event "Basingstoke Spring Bank op U1825"]
[Site "Basingstoke"]
[Date "2018.05.26"]
[Round "3.22"]
[White "Stephens, Robert Wynn"]
[Black "Hammond, Benjamin"]
[Result "1-0"]
[WhiteElo "1802"]
[BlackElo "1483"]
[PlyCount "125"]
[EventDate "2018.05.25"]
[EventType "swiss"]
[EventRounds "7"]
[EventCountry "ENG"]
[SourceTitle "EXT 2023"]
[Source "ChessBase"]
[SourceDate "2022.10.05"]
[SourceVersion "1"]
[SourceVersionDate "2022.10.05"]
[SourceQuality "1"]

1. Nf3 d5 2. c4 dxc4 3. Qa4+ Nc6 4. Qxc4 Nf6 5. b3 Bf5 6. Bb2 Qd7 7. d3 e6 8. g3 0-0-0 9. Bg2 Bb4+ 10. Nbd2 Nd5 11. 0-0 Nb6 12. Qc2 f6 13. a3 Bd6 14. b4 a6 15. Rfc1 e5 16. Nc4 Nxc4 17. Qxc4 Be6 18. Qc2 h5 19. Qa4 Na7 20. Qxd7+ Rxd7 21. h4 Nc6 22. Bc3 Bg4 23. Rcb1 Nd4 24. Bxd4 exd4 25. Ra2 Be5 26. a4 Rd6 27. Rc2 Bd7 28. b5 Rb6 29. Rbc1 c6 30. Nxe5 fxe5 31. bxc6 Bxc6 32. Bxc6 Rxc6 33. Rxc6+ bxc6 34. Rxc6+ Kb7 35. Re6 Rc8 36. Rxe5 Rc2 37. Kg2 Ra2 38. a5 Kc6 39. Kf3 Rc2 40. Rxh5 Rc5 41. Rxc5+ Kxc5 42. Ke4 Kb5 43. Kxd4 Kxa5 44. Kc5 Ka4 45. e4 a5 46. e5 Kb3 47. e6 a4 48. e7 a3 49. e8Q a2 50. Qb5+ Kc2 51. Qa4+ Kb2 52. Qb4+ Kc2 53. Qa3 Kb1 54. Qxa2+ Kxa2 55. d4 g5 56. h5 g4 57. h6 Kb3 58. h7 Kc3 59. h8Q Kd3 60. Qe5 Kd2 61. Kc4 Kd1 62. Kc3 Kc1 63. Qe1# 1-0